<?xml version="1.0" encoding="UTF-8"?><?xml-stylesheet type="text/xsl" href="static/style.xsl"?><OAI-PMH xmlns="http://www.openarchives.org/OAI/2.0/" xmlns:xsi="http://www.w3.org/2001/XMLSchema-instance" xsi:schemaLocation="http://www.openarchives.org/OAI/2.0/ http://www.openarchives.org/OAI/2.0/OAI-PMH.xsd"><responseDate>2026-04-19T09:37:44Z</responseDate><request verb="GetRecord" identifier="oai:www.recercat.cat:11351/11618" metadataPrefix="marc">https://recercat.cat/oai/request</request><GetRecord><record><header><identifier>oai:recercat.cat:11351/11618</identifier><datestamp>2025-10-24T10:22:18Z</datestamp><setSpec>com_2072_378070</setSpec><setSpec>com_2072_378040</setSpec><setSpec>col_2072_378092</setSpec></header><metadata><record xmlns="http://www.loc.gov/MARC21/slim" xmlns:dcterms="http://purl.org/dc/terms/" xmlns:xsi="http://www.w3.org/2001/XMLSchema-instance" xmlns:doc="http://www.lyncode.com/xoai" xsi:schemaLocation="http://www.loc.gov/MARC21/slim http://www.loc.gov/standards/marcxml/schema/MARC21slim.xsd">
   <leader>00925njm 22002777a 4500</leader>
   <datafield ind2=" " ind1=" " tag="042">
      <subfield code="a">dc</subfield>
   </datafield>
   <datafield ind2=" " ind1=" " tag="720">
      <subfield code="a">Jurado Ruiz, Maria</subfield>
      <subfield code="e">author</subfield>
   </datafield>
   <datafield ind2=" " ind1=" " tag="720">
      <subfield code="a">Rovira Martí, Pilar</subfield>
      <subfield code="e">author</subfield>
   </datafield>
   <datafield ind2=" " ind1=" " tag="720">
      <subfield code="a">Riera, Luis</subfield>
      <subfield code="e">author</subfield>
   </datafield>
   <datafield ind2=" " ind1=" " tag="720">
      <subfield code="a">Fontecha, Cesar G</subfield>
      <subfield code="e">author</subfield>
   </datafield>
   <datafield ind2=" " ind1=" " tag="260">
      <subfield code="c">2024-06-20T07:20:37Z</subfield>
   </datafield>
   <datafield ind2=" " ind1=" " tag="260">
      <subfield code="c">2024-06-20T07:20:37Z</subfield>
   </datafield>
   <datafield ind2=" " ind1=" " tag="260">
      <subfield code="c">2024-11</subfield>
   </datafield>
   <datafield ind2=" " ind1=" " tag="520">
      <subfield code="a">Temporary epiphysiodesis; Growth plate; Genu recurvatum</subfield>
   </datafield>
   <datafield ind2=" " ind1=" " tag="520">
      <subfield code="a">Epifisiodesis temporal; Placa de crecimiento; Genu recurvatum</subfield>
   </datafield>
   <datafield ind2=" " ind1=" " tag="520">
      <subfield code="a">Epifisiodesi temporal; Placa de creixement; Genu recurvatum</subfield>
   </datafield>
   <datafield ind2=" " ind1=" " tag="520">
      <subfield code="a">Aims and objectives&#xd;
Genu recurvatum deformity after treatment of leg-length discrepancy (LLD) with tension-band plating is a recognized, but poorly described phenomenon in medical literature. The aim of this study was to evaluate clinical and radiological features of patients treated with tension-band plating for LLD assessing the development of a recurvatum deformity and its relationship to plate and screw disposition in a transversal plane, thus attempting to establish optimal plate positioning.&#xd;
Materials and methods&#xd;
Retrospective study of children with LLD treated with tension-band plating. Primary endpoints were clinical and radiological knee recurvatum and anterior and posterior physeal areas measured drawing a line spanning from the lateral to the medial tension-band plates in the transverse plane using volumetric magnetic resonance imaging (vMRI). These findings were compared between patients with and without knee recurvatum.&#xd;
Results&#xd;
Twelve children (mean age 11.7 years) were included. Average follow-up was 2.6 years (1.5–5.0). Tension-band plating led to a significant reduction in LLD (mean, 15 mm). Six patients (50 %) developed clinical genu recurvatum (mean, 22°). According to vMRI, patients with genu recurvatum had a larger posterior to anterior physeal area ratio in both distal femur (1.6 versus 0.9, p &lt; 0.05) and proximal tibial physes (2.2 versus 1.0, p &lt; 0.05).&#xd;
Conclusion&#xd;
The optimal position of the tension-band plates in distal femoral and proximal tibial physes should be in a point where a posterior to anterior physeal areas ratio is around 1.0, so as to achieve an even distribution of the physeal areas in the multidimensional physeal transverse plane. This point anatomically corresponds in the sagittal X-ray view to an imaginary line located just anterior to the posterior diaphyseal cortical bone on a true lateral radiograph for both femur and tibia.</subfield>
   </datafield>
   <datafield ind1="8" ind2=" " tag="024">
      <subfield code="a">http://hdl.handle.net/11351/11618</subfield>
   </datafield>
   <datafield tag="653" ind2=" " ind1=" ">
      <subfield code="a">Articulació femorotibial - Malformacions</subfield>
   </datafield>
   <datafield tag="653" ind2=" " ind1=" ">
      <subfield code="a">Cartílags de creixement</subfield>
   </datafield>
   <datafield tag="653" ind2=" " ind1=" ">
      <subfield code="a">Imatgeria per ressonància magnètica</subfield>
   </datafield>
   <datafield tag="653" ind2=" " ind1=" ">
      <subfield code="a">Ossos - Diferenciació</subfield>
   </datafield>
   <datafield tag="653" ind2=" " ind1=" ">
      <subfield code="a">DISEASES::Musculoskeletal Diseases::Joint Diseases::Joint Deformities, Acquired</subfield>
   </datafield>
   <datafield tag="653" ind2=" " ind1=" ">
      <subfield code="a">ANATOMY::Musculoskeletal System::Skeleton::Joints::Knee Joint</subfield>
   </datafield>
   <datafield tag="653" ind2=" " ind1=" ">
      <subfield code="a">DISEASES::Musculoskeletal Diseases::Bone Diseases::Bone Diseases, Developmental::Leg Length Inequality</subfield>
   </datafield>
   <datafield tag="653" ind2=" " ind1=" ">
      <subfield code="a">ANATOMY::Musculoskeletal System::Skeleton::Bone and Bones::Epiphyses::Growth Plate</subfield>
   </datafield>
   <datafield tag="653" ind2=" " ind1=" ">
      <subfield code="a">ANALYTICAL, DIAGNOSTIC AND THERAPEUTIC TECHNIQUES, AND EQUIPMENT::Diagnosis::Diagnostic Techniques and Procedures::Diagnostic Imaging::Tomography::Magnetic Resonance Imaging</subfield>
   </datafield>
   <datafield tag="653" ind2=" " ind1=" ">
      <subfield code="a">ENFERMEDADES::enfermedades musculoesqueléticas::artropatías::deformidades adquiridas de las articulaciones</subfield>
   </datafield>
   <datafield tag="653" ind2=" " ind1=" ">
      <subfield code="a">ANATOMÍA::sistema musculoesquelético::esqueleto::articulaciones::articulación de la rodilla</subfield>
   </datafield>
   <datafield tag="653" ind2=" " ind1=" ">
      <subfield code="a">ENFERMEDADES::enfermedades musculoesqueléticas::enfermedades óseas::enfermedades óseas del desarrollo::diferencia de longitud de las piernas</subfield>
   </datafield>
   <datafield tag="653" ind2=" " ind1=" ">
      <subfield code="a">ANATOMÍA::sistema musculoesquelético::esqueleto::huesos::epífisis::placa de crecimiento</subfield>
   </datafield>
   <datafield tag="653" ind2=" " ind1=" ">
      <subfield code="a">TÉCNICAS Y EQUIPOS ANALÍTICOS, DIAGNÓSTICOS Y TERAPÉUTICOS::diagnóstico::técnicas y procedimientos diagnósticos::diagnóstico por imagen::tomografía::imagen por resonancia magnética</subfield>
   </datafield>
   <datafield ind2="0" ind1="0" tag="245">
      <subfield code="a">How to avoid genu recurvatum in leg-length discrepancy treated with tension-band plates. A volumetric magnetic resonance analysis</subfield>
   </datafield>
</record></metadata></record></GetRecord></OAI-PMH>